• 首页
  • 本馆介绍
  • 公告通知
  • 最新文献
  • 馆藏检索
  • 电子资源
  • 读者导购
  • 参考咨询
  • 我的图书馆
  • 登录
  • 详细信息显示
  • 放入我的书架
  • 预约/预借图书
  • 作者相关作品
  • 分类相关作品
  • 丛书相关作品
  • 出版社相关作品

书目信息

  • 表格格式
  • 工作单格式
  • 卡片格式
题名:
散文创作论
    
 
作者: 江克东 著
分册:  
出版信息: 长春   吉林文史出版社  2019.04
页数: 236页
开本: 24cm
丛书名:
单 册:
中图分类: I056
科图分类:
主题词: 散文--创作方法--研究
电子资源:
ISBN: 978-7-5472-6134-7
000 00800nam0 2200229 450
001 0102100424
005 20210402100821.0
010    @a978-7-5472-6134-7@dCNY58.00
100    @a20190921e20202019em y0chiy50 ea
101 0  @achi
102    @aCN@b220000
105    @ay z 000yy
106    @ar
200 1  @a散文创作论@Asan wen chuang zuo lun@f江克东著
210    @a长春@c吉林文史出版社@d2019.04@h2020.08
215    @a236页@d24cm
330    @a本书就散文创作的过程、主要组成部分、具体创作方法进行深入浅出的阐述。内容包括:散文作家的修养;散文创作简史;散文作品的概观;散文创作的生活积累;散文作品的意境凝练艺术;散文作品的构思艺术等。
606 0  @a散文@x创作方法@x研究
690    @aI056@v5
701  0 @a江克东@Ajiang ke dong@4著
801  0 @aCN@bBJSZM@c20210402
905    @b1276320-4@dI056@e260@f5
    
    散文创作论/江克东著.-长春:吉林文史出版社,2019.04(2020.08)
    236页;24cm
    
    
    ISBN 978-7-5472-6134-7:CNY58.00
    本书就散文创作的过程、主要组成部分、具体创作方法进行深入浅出的阐述。内容包括:散文作家的修养;散文创作简史;散文作品的概观;散文创作的生活积累;散文作品的意境凝练艺术;散文作品的构思艺术等。
●
相关链接 在E读中查询图书 在五车中查询图书 在当当中查询图书 在豆瓣中查询图书


正题名:散文创作论     索取号:I056/260         预约/预借

序号 登录号 条形码 馆藏地/架位号 状态 备注
1 1276320   212763204   第一样本阅览室/ [索取号:I056/260] 在馆    
2 1276321   212763213   教育系资料室/ [索取号:I056/260] 在馆    
3 1276322   212763222   教育系资料室/ [索取号:I056/260] 在馆    
4 1276323   212763231   第二借阅区/ [索取号:I056/260] 在馆    
5 1276324   212763240   第二借阅区/ [索取号:I056/260] 在馆    
唐山师范学院图书馆 欢迎您!
大连网信软件有限公司© 版权所有